|
|
|
|
| LEADER |
00000nam0a2200000 4500 |
| 001 |
46324 |
| 005 |
20231031024542.0 |
| 010 |
|
|
|a 3873531038
|
| 035 |
|
|
|a (RuTPU)RU\TPU\book\48311
|
| 090 |
|
|
|a 46324
|
| 100 |
|
|
|a 20030110d1996 m y0gery50 ba
|
| 101 |
0 |
|
|a ger
|
| 102 |
|
|
|a DE
|
| 105 |
|
|
|a a j 000zy
|
| 200 |
1 |
|
|a Weihnachten in Deutschland
|f J. Ruland
|
| 210 |
|
|
|c Hohwacht
|d 1996
|
| 215 |
|
|
|a 148 p.
|c il.
|
| 610 |
1 |
|
|a немецкий язык
|
| 610 |
1 |
|
|a религия
|
| 610 |
1 |
|
|a христианство
|
| 610 |
1 |
|
|a праздники
|
| 610 |
1 |
|
|a Германия
|
| 610 |
1 |
|
|a Рождество
|
| 610 |
1 |
|
|a книги для чтения
|
| 610 |
1 |
|
|a учебные пособия
|
| 610 |
1 |
|
|a страноведение
|
| 686 |
|
|
|a Ш143.24-923.8
|v LBC/SL-A
|2 rubbk
|
| 686 |
|
|
|a Т52(4Г)
|v LBC/SL-A
|2 rubbk
|
| 686 |
|
|
|a Э37-51
|v LBC/SL-A
|2 rubbk
|
| 700 |
|
1 |
|a Ruland
|b J.
|g Josef
|
| 801 |
|
1 |
|a RU
|b 63413507
|c 20030110
|g PSBO
|
| 801 |
|
2 |
|a RU
|b 63413507
|c 20110718
|g PSBO
|
| 942 |
|
|
|c BK
|